Monuments restaurats per la Diputació de Barcelona : El Berguedà El Berguedà
Publicado:
Barcelona :
Diputació de Barcelona. Àrea de Territori i Sostenibilitat. Gerència de Serveis d'Equipaments, Infraestructures Urbanes i Patrimoni Arquitectònic. Servei de Patrimoni Arquitectònic Local ,
2013
Descripción Física:
1 f. plegat en 4 parts ; 21 x 10 cm
MARC
| LEADER | 00000nam a2200000Ia 4500 | ||
|---|---|---|---|
| 001 | 23722 | ||
| 008 | 160829s2013 xx 000 0 cat d | ||
| 080 | |a FU-62-22 | ||
| 245 | |a Monuments restaurats per la Diputació de Barcelona : |b El Berguedà | ||
| 260 | |a Barcelona : |b Diputació de Barcelona. Àrea de Territori i Sostenibilitat. Gerència de Serveis d'Equipaments, Infraestructures Urbanes i Patrimoni Arquitectònic. Servei de Patrimoni Arquitectònic Local, |c 2013 | ||
| 300 | |a 1 f. plegat en 4 parts ; |c 21 x 10 cm | ||
| 650 | |a Monuments |x Barcelona (Provincia) |x Conservació i restauració |9 50177 | ||
| 650 | |a Restauració |x Monuments |x Barcelona (Provincia) |9 50178 | ||
| 710 | |a Barcelona (Catalunya : Província). |b Servei de Patrimoni Arquitectònic Local |9 19202 | ||
| 901 | |a Arxiu | ||
| 942 | |n 1 | ||
| 952 | |0 0 |1 0 |4 0 |6 FU6222 |7 1 |9 55821 |a Arxiu |b Arxiu |d 2016-12-01 |l 0 |o FU-62-22 |p 23722 |r 2016-12-01 00:00:00 |w 2016-12-01 |y ARXIU | ||
| 999 | |c 59694 |d 59694 | ||